| 000 | 01068naa a22002777a 4500 | ||
|---|---|---|---|
| 001 | BR7602340 | ||
| 003 | BR-BrBNA | ||
| 005 | 20240918173815.0 | ||
| 007 | ta | ||
| 008 | 230509b bl.||||| |||| 00| 0 por d | ||
| 040 |
_aBR-BrBNA _bpor _cBiblioteca Nacional de Agricultura |
||
| 041 | _a(Es) | ||
| 072 | _aP10; E30 | ||
| 090 | _aP10 BR7602340 | ||
| 100 | 1 | _aMerea, C.A. | |
| 111 | 1 |
_a3. Seminario Nacional de Irrigacao e Drenagem _cFortaleza, CE (Brazil) _d16 Nov 1975 |
|
| 245 | 1 | _aActividades que deben realizarse en el desarrolo de un proyecto de riego [Recurso da agua; Projeto de desenvolvimento] | |
| 260 | 3 |
_aFortaleza, CE (Brasil): _c1976. |
|
| 500 | _aAnais do 3. Seminario Nacional de Irrigacao e Drenagem Fortaleza, CE (Brasil): 1976. p.45-54 (BR7602340-AM)P10 | ||
| 650 | _aProjeto de desenvolvimento | ||
| 650 | _aAgua | ||
| 650 | _aRecurso hidrico | ||
| 773 | 0 |
_tAnais do 3. Seminario Nacional de Irrigacao e Drenagem _b _wP10 BR7602340 _gFortaleza, CE (Brasil), 1976. p.45-54 |
|
| 909 |
_a202404 _bLucia _c55 _dLucia Elande |
||
| 942 |
_cAM _2AGRIS |
||
| 999 |
_c307044 _d307044 |
||